000 01260cam a2200385 4500
001 data
005 20260322212122.0
008 data
035 _a3623069
906 _a7
_bcbc
_corignew
_d1
_eocip
_f19
_gy-gencatlg
010 _a 74009910
020 _a0070070857
020 _a9780070070851
035 _9(DLC) 74009910
040 _aDLC
_cDLC
_dDLC
042 _alcac
050 0 0 _aGV707
_b.B68
082 0 0 _a796
100 1 _aBrady, John Joseph,
_d1942-
_eeditor.
245 1 0 _aSports literature,
_cedited by John Brady and James Hall.
260 _aNew York,
_bMcGraw-Hill
_c[1974, c1975]
300 _avii, 267 p.
_c23 cm.
336 _atext
_btxt
_2rdacontent
337 _aunmediated
_bn
_2rdamedia
338 _avolume
_bnc
_2rdacarrier
490 0 _aPatterns in literary art
520 _aAn anthology exploring the athletic experience through poetry, essays, and stories written by sports columnists, literary figures, and athletes themselves.
650 0 _aSports stories.
650 1 _aSports.
650 1 _aSports
_xFiction.
700 1 _aHall, Jim,
_d1942-
_eeditor.
991 _bc-GenColl
_hGV707
_i.B68
_tCopy 1
_wBOOKS
999 _c1876
_d1876